| 000 | 00000nas 2200000zi 4500 |
| 001 | 9.871408 |
| 003 | CaOODSP |
| 005 | 20240619083929 |
| 006 | m o d f |
| 007 | cr ||||||||||| |
| 008 | 190410d19881994oncux p o f0###a0eng|d |
| 040 | |aCaOODSP|beng|erda|cCaOODSP |
| 043 | |an-cn--- |
| 086 | 1 |aC41-2E-PDF |
| 245 | 00|aMarket intelligence. |
| 264 | 1|a[Ottawa] : |bIndustry, Science and Technology Canada = Industrie, Sciences et Technologie Canada, |c1988-1994. |
| 310 | |aIrregular |
| 336 | |atext|btxt|2rdacontent |
| 337 | |acomputer|bc|2rdamedia |
| 338 | |aonline resource|bcr|2rdacarrier |
| 362 | 1 |aBegan with No. 88015; ceased with No. 92032. |
| 500 | |aEach issue has a distinctive title. |
| 500 | |aIssued also in French under title: Renseignements commerciaux. |
| 500 | |aDigitized edition from print [produced by Innovation, Science and Economic Development Canada]. |
| 650 | 0|aCommercial products|zCanada|vPeriodicals. |
| 655 | 7|aPeriodicals|2lcgft |
| 710 | 1 |aCanada. |bIndustry, Science and Technology Canada, |eissuing body. |
| 775 | 08|tRenseignements commerciaux.|w(CaOODSP)9.871410 |
| 780 | 00|tImport analysis.|w(CaOODSP)9.897955 |